Zonificación de áreas protegidas : marco conceptual y desarrollo metodológico cuantitativo para su ejecución /

Guardado en:
Autor Principal: Sabatini, María del Carmen.
Autor Corporativo: Universidad Nacional del Sur.
Formato: Libro
Idioma:Spanish
Publicado: Bahía Blanca : Universidad Nacional del Sur, 2003.
Materias:
Etiquetas: Agregar Etiqueta
Sin Etiquetas, Sea el primero en etiquetar este registro!
LEADER 01115nam a22002655a 4500
001 EUN.eunm000042
005 20071105084353.0
008 040218s2003####ag#a###f#m####000#0#spa#d
082 0 4 |a 040  |2 15 
082 0 4 |a 333.78  |2 19 
100 1 |a Sabatini, María del Carmen. 
245 1 0 |a Zonificación de áreas protegidas :  |b marco conceptual y desarrollo metodológico cuantitativo para su ejecución /  |c María del Carmen Sabatini. 
260 |a Bahía Blanca :  |b Universidad Nacional del Sur,  |c 2003. 
300 |a 138 h. :  |b il. ;  |c 30 cm. 
502 |a Tesis (magister)--Universidad Nacional del Sur, Bahía Blanca, 2003. 
504 |a Bibliografía: p. 111-138. 
650 7 |a Recursos naturales.  |2 Unbis 
650 7 |a Parques y reservas nacionales.  |2 Unbis 
650 7 |a Zonificación.  |2 Unbis 
650 7 |a Modelos matemáticos.  |2 Unbis 
650 7 |a Argentina.  |2 Unbis 
651 7 |a Parque Nacional Talampaya (Argentina)  |2 AR-BaUNS 
710 2 |a Universidad Nacional del Sur. 
859 |a AR-BaUNS  |b BIB. CENTRAL - Tesis  |h 040  |i B148 2003-625  |k R  |p 114186/004  |v 2003 
859 |a AR-BaUNS  |b Dto. Agronomia  |h 040  |i B148 2003-625  |p 114187/004